| 000 | 01083nam a22002297a 4500 | ||
|---|---|---|---|
| 999 |
_c59804 _d59804 |
||
| 003 | Ge_BSU | ||
| 005 | 20230421122824.0 | ||
| 008 | 230421s2022 ge ||||| |||| 00| 0 geo d | ||
| 020 | _a9789941342493 | ||
| 041 | _ageo | ||
| 080 | _a575 შ-18 | ||
| 100 |
_aშათირიშვილი, აივენგო _99117 |
||
| 245 |
_aევოლუციური ბოილოგია / _cაივენგო შათირიშვილი, იზა ჭუჭულაშვილი; რედ. დ. თარხნიშვილი. |
||
| 264 |
_aთბილისი : _bმერიდიანი, _c2022. |
||
| 300 |
_a518 გვ.; _bილ.; _c21 სმ. |
||
| 501 | _aსაგანთა საზიებელი გვ. 509-518 | ||
| 504 | _aბიბლიოგრ. გვ.506-508 | ||
| 653 | _aევოლუციური ბიოლოგია | ||
| 700 |
_aჭუჭულაშვილი, იზა _eავტორი _917712 |
||
| 700 |
_aთარხნიშვილი, დ. _eრედქტორი _917713 |
||
| 942 |
_2udc _cBK |
||